[Event "Budapest SixDays 09 IM-A"]
[Site "Budapest"]
[Date "2023.09.19"]
[Round "2"]
[White "Pulpan, Jakub"]
[Black "Krizsany, Laszlo"]
[Result "0-1"]
[WhiteElo "2399"]
[BlackElo "2361"]
[PlyCount "86"]
[EventDate "2023.09.18"]
[EventType "tourn"]
[EventRounds "9"]
[EventCountry "HUN"]
[SourceTitle "EXT 2024"]
[Source "ChessBase"]
[SourceDate "2023.10.10"]
[SourceVersion "1"]
[SourceVersionDate "2023.10.10"]
[SourceQuality "1"]

1. e4 c6 2. d3 d5 3. Nd2 g6 4. Ngf3 Bg7 5. d4 dxe4 6. Nxe4 Bg4 7. c3 Qd5 8. Bd3 Nf6 9. Qe2 0-0 10. Bf4 Nbd7 11. h3 Bf5 12. c4 Qa5+ 13. Bd2 Qa6 14. Nxf6+ Nxf6 15. Bxf5 gxf5 16. 0-0 Ne4 17. Bf4 Rad8 18. Rfd1 b5 19. Ng5 Nxg5 20. Bxg5 Rfe8 21. cxb5 Qxb5 22. Qxb5 cxb5 23. d5 Rd7 24. Rd2 Be5 25. Re1 Bd6 26. Rd3 Rc8 27. g3 f6 28. Be3 Rc2 29. Rd2 Rxd2 30. Bxd2 Be5 31. Bb4 Kf7 32. Rd1 Bxb2 33. f4 e5 34. fxe5 fxe5 35. d6 Bd4+ 36. Kg2 Ke6 37. Rc1 Bb6 38. a3 a5 39. Bc5 Bxc5 40. Rxc5 Rxd6 41. Rxb5 Rd2+ 42. Kf1 Rd3 43. g4 f4 0-1

[Event "Budapest SixDays 09 IM"]
[Site "Budapest"]
[Date "2023.09.15"]
[Round "6"]
[White "Krizsany, Laszlo"]
[Black "Vincenti, Leonardo"]
[Result "1/2-1/2"]
[WhiteElo "2361"]
[BlackElo "2238"]
[PlyCount "93"]
[EventDate "2023.09.12"]
[EventType "tourn"]
[EventRounds "9"]
[EventCountry "HUN"]
[EventCategory "1"]
[SourceTitle "EXT 2024"]
[Source "ChessBase"]
[SourceDate "2023.10.10"]
[SourceVersion "1"]
[SourceVersionDate "2023.10.10"]
[SourceQuality "1"]

1. f4 g6 2. Nf3 Bg7 3. g3 c5 4. Bg2 Nc6 5. d3 e6 6. 0-0 Nge7 7. e4 d6 8. c3 0-0 9. Be3 b6 10. Qc2 Ba6 11. Rd1 Rc8 12. d4 Qc7 13. Na3 cxd4 14. cxd4 Nxd4 15. Nxd4 Bxd4 16. Bxd4 Qxc2 17. Nxc2 Rxc2 18. Bf6 Nc6 19. Rxd6 Na5 20. b3 Rfc8 21. Rad1 Rc1 22. Rxc1 Rxc1+ 23. Kf2 Rc2+ 24. Kf3 Nb7 25. Rd7 Kf8 26. Bf1 Bxf1 27. Rxb7 Ke8 28. Re7+ Kd8 29. Rxf7+ Kc8 30. Rxa7 Rxh2 31. Bd4 b5 32. a4 Ra2 33. Be5 Ra3 34. a5 Rxb3+ 35. Kf2 Bd3 36. a6 Bxe4 37. Rc7+ Kd8 38. g4 h5 39. g5 h4 40. Rh7 h3 41. a7 Ra3 42. Bd6 Rxa7 43. Rxa7 h2 44. Rh7 h1Q 45. Rxh1 Bxh1 46. Ke3 Kd7 47. Bb4 1/2-1/2

[Event "HUN-ch Rapid"]
[Site "Ajka"]
[Date "2023.07.21"]
[Round "4"]
[White "Matlakov, Maxim"]
[Black "Krizsany, Laszlo"]
[Result "1-0"]
[WhiteElo "2673"]
[BlackElo "2361"]
[PlyCount "59"]
[EventDate "2023.07.21"]
[EventType "swiss (rapid)"]
[EventRounds "13"]
[EventCountry "HUN"]
[SourceTitle "CBM 215 Extra"]
[Source "ChessBase"]
[SourceDate "2023.09.30"]
[SourceVersion "1"]
[SourceVersionDate "2023.09.30"]
[SourceQuality "1"]

1. d4 c5 2. d5 e5 3. e4 d6 4. Nc3 Be7 5. Bb5+ Kf8 6. f4 Bh4+ 7. g3 Bf6 8. Be2 a6 9. Nf3 Nd7 10. a4 Qe7 11. f5 h5 12. Be3 g6 13. Qd2 Kg7 14. h3 Nh6 15. fxg6 fxg6 16. Ng5 Nf8 17. a5 Nf7 18. Nxf7 Qxf7 19. Na4 Qc7 20. Nb6 Rb8 21. h4 Nd7 22. Nc4 b5 23. axb6 Nxb6 24. Na5 Ra8 25. 0-0 Bd7 26. Bh6+ Rxh6 27. Rxf6 Be8 28. Raf1 Rh8 29. Qg5 Ra7 30. Nc6 1-0

[Event "Wch Seniors 50 30th"]
[Site "Assisi"]
[Date "2022.11.25"]
[Round "10"]
[White "Welling, Gerard J"]
[Black "Krizsany, Laszlo"]
[Result "1-0"]
[WhiteElo "2255"]
[BlackElo "2371"]
[PlyCount "91"]
[EventDate "2022.11.15"]
[EventType "swiss"]
[EventRounds "11"]
[EventCountry "ITA"]
[SourceTitle "CBM 211 Extra"]
[Source "ChessBase"]
[SourceDate "2023.01.31"]
[SourceVersion "1"]
[SourceVersionDate "2023.01.31"]
[SourceQuality "1"]

1. d4 c5 2. c3 Nf6 3. Nf3 e6 4. e3 b6 5. Nbd2 Bb7 6. Bd3 Nc6 7. 0-0 Rc8 8. a3 d5 9. Ne5 Nxe5 10. dxe5 Nd7 11. f4 c4 12. Bc2 Nc5 13. Nf3 g6 14. Bd2 Be7 15. Nd4 Bc6 16. g4 Qd7 17. f5 Qc7 18. fxe6 fxe6 19. Qf3 Qxe5 20. e4 dxe4 21. Qf7+ Kd7 22. Nxc6 Rxc6 23. Rad1 Nd3 24. Be3 Rd6 25. Bxd3 cxd3 26. Rd2 h5 27. Qxg6 hxg4 28. Rf7 Rf8 29. Rxf8 Bxf8 30. Qxg4 Qf5 31. Qg8 e5 32. Rg2 Rf6 33. Qd5+ Kc7 34. h4 Rg6 35. Rxg6 Qxg6+ 36. Kh2 Bd6 37. Qc4+ Kd7 38. Qa4+ Ke6 39. Qc6 Qf6 40. Qxe4 Qf7 41. Qg4+ Qf5 42. Qc4+ Ke7 43. Bg5+ Kf8 44. Qd5 Qg6 45. Kg2 e4 46. h5 1-0

[Event "Wch Seniors 50 30th"]
[Site "Assisi"]
[Date "2022.11.20"]
[Round "6"]
[White "Krizsany, Laszlo"]
[Black "Nevednichy, Vladislav"]
[Result "1/2-1/2"]
[WhiteElo "2371"]
[BlackElo "2499"]
[PlyCount "44"]
[EventDate "2022.11.15"]
[EventType "swiss"]
[EventRounds "11"]
[EventCountry "ITA"]
[SourceTitle "CBM 211 Extra"]
[Source "ChessBase"]
[SourceDate "2023.01.31"]
[SourceVersion "1"]
[SourceVersionDate "2023.01.31"]
[SourceQuality "1"]

1. d4 Nf6 2. c4 g6 3. Nc3 Bg7 4. e4 d6 5. Be2 0-0 6. Bg5 c5 7. d5 e6 8. Nf3 h6 9. Be3 exd5 10. exd5 Re8 11. h3 Ne4 12. Nxe4 Rxe4 13. Qd2 Qf8 14. 0-0 Nd7 15. Rae1 f5 16. Qc1 Re8 17. Bd2 Ne5 18. Nxe5 dxe5 19. Bc3 Bd7 20. f3 Qd6 21. b3 Re7 22. Bd3 Rae8 1/2-1/2

[Event "Wch Seniors 50 30th"]
[Site "Assisi"]
[Date "2022.11.15"]
[Round "1"]
[White "Krizsany, Laszlo"]
[Black "Lescano, Ramon D"]
[Result "1-0"]
[WhiteElo "2371"]
[BlackElo "2000"]
[PlyCount "101"]
[EventDate "2022.11.15"]
[EventType "swiss"]
[EventRounds "11"]
[EventCountry "ITA"]
[SourceTitle "CBM 211 Extra"]
[Source "ChessBase"]
[SourceDate "2023.01.31"]
[SourceVersion "1"]
[SourceVersionDate "2023.01.31"]
[SourceQuality "1"]

1. d4 Nf6 2. c4 g6 3. Nc3 Bg7 4. e4 d6 5. Be2 0-0 6. Bg5 h6 7. Be3 e5 8. d5 a5 9. Qd2 Kh7 10. f3 Nh5 11. Bd1 Na6 12. Nge2 f5 13. exf5 gxf5 14. 0-0 f4 15. Bc2+ Kh8 16. Bf2 Nc5 17. Bxc5 dxc5 18. Rad1 Ra6 19. Ne4 Bf5 20. Nxc5 Rg6 21. Ne6 Qf6 22. Bxf5 Qxf5 23. Qd3 Qxd3 24. Rxd3 Rg8 25. Rf2 c6 26. Nc3 cxd5 27. cxd5 Nf6 28. Re2 Nxd5 29. Rxd5 Rxe6 30. Rxa5 e4 31. Nxe4 Bd4+ 32. Kf1 Rc6 33. g3 Rc1+ 34. Kg2 Rg1+ 35. Kh3 Rf1 36. Rf5 Be3 37. Rf7 Rg7 38. Rf8+ Rg8 39. Rxg8+ Kxg8 40. gxf4 Bxf4 41. Kg4 Bc1 42. Ng3 Rd1 43. Rc2 b6 44. f4 Be3 45. Nf5 h5+ 46. Kf3 Bc1 47. Ng3 h4 48. Ne2 Bd2 49. Nc3 Bxc3 50. bxc3 Rg1 51. Rg2+ 1-0